[Event "Dortmund2"]
[Site "Dortmund"]
[Date "2006.05.30"]
[Round "10"]
[White "Krueger, Sven"]
[Black "Thiemig, Rolf"]
[Result "0-1"]
[WhiteElo "1218"]
[BlackElo "1191"]
[PlyCount "54"]
[EventDate "2006.04.25"]
[EventType "tourn"]
[EventRounds "11"]
[EventCountry "GER"]
[SourceTitle "EXT 2007"]
[Source "ChessBase"]
[SourceDate "2006.11.23"]
[SourceVersion "1"]
[SourceVersionDate "2006.11.23"]
[SourceQuality "1"]

1. e4 e5 2. Nf3 d6 3. Bc4 Be7 4. h3 Nf6 5. Nc3 0-0 6. a3 Nbd7 7. d3 Nb6 8. Ba2 h6 9. Ne2 a6 10. Ng3 Nh7 11. Nf5 Bxf5 12. exf5 Bf6 13. c4 Qd7 14. g4 Rfe8 15. 0-0 e4 16. dxe4 Rxe4 17. Qc2 Re7 18. Rd1 Qc6 19. Nd4 Bxd4 20. Rxd4 Re1+ 21. Kh2 Qh1+ 22. Kg3 Rae8 23. c5 Nc8 24. Bc4 Ng5 25. Bxg5 hxg5 26. Rxe1 Rxe1 27. Bd5 Rg1+ 0-1

[Event "Dortmund2"]
[Site "Dortmund"]
[Date "2006.05.02"]
[Round "3"]
[White "Fahle, Karl Wilhelm"]
[Black "Thiemig, Rolf"]
[Result "1-0"]
[WhiteElo "1185"]
[BlackElo "1191"]
[PlyCount "45"]
[EventDate "2006.04.25"]
[EventType "tourn"]
[EventRounds "11"]
[EventCountry "GER"]
[SourceTitle "EXT 2007"]
[Source "ChessBase"]
[SourceDate "2006.11.23"]
[SourceVersion "1"]
[SourceVersionDate "2006.11.23"]
[SourceQuality "1"]

1. e4 e5 2. f4 Bc5 3. Nf3 exf4 4. Bc4 Nf6 5. Nc3 0-0 6. d4 Bb4 7. Qd3 Re8 8. e5 d6 9. Bxf4 dxe5 10. Bxe5 Nc6 11. 0-0 Bxc3 12. Qxc3 Ng4 13. Rae1 Ngxe5 14. Nxe5 Qxd4+ 15. Kh1 Qxc3 16. bxc3 Nxe5 17. Bxf7+ Kh8 18. Bxe8 Ng6 19. Bxg6 hxg6 20. Rf8+ Kh7 21. Re3 b6 22. Ree8 a5 23. Rh8# 1-0

[Event "Dortmund ABC Serie C-24"]
[Site "Dortmund"]
[Date "2005.10.21"]
[Round "3"]
[White "Wilke, Thomas"]
[Black "Thiemig, Rolf"]
[Result "1-0"]
[WhiteElo "1102"]
[BlackElo "1215"]
[PlyCount "93"]
[EventDate "2005.10.12"]
[EventType "tourn"]
[EventRounds "9"]
[EventCountry "GER"]
[SourceTitle "EXT 2007"]
[Source "ChessBase"]
[SourceDate "2006.11.23"]
[SourceVersion "1"]
[SourceVersionDate "2006.11.23"]
[SourceQuality "1"]

1. d4 d5 2. c4 e5 3. dxe5 d4 4. Nf3 Nc6 5. e3 Bb4+ 6. Bd2 Bxd2+ 7. Qxd2 dxe3 8. Qxe3 Nge7 9. Nc3 0-0 10. Rd1 Qe8 11. Nb5 Nf5 12. Qc3 Qe7 13. Bd3 a6 14. Nbd4 Nfxd4 15. Nxd4 Qxe5+ 16. Ne2 Qxc3+ 17. Nxc3 Re8+ 18. Ne2 Nd4 19. Bxh7+ Kxh7 20. Rxd4 c5 21. Rd2 Bf5 22. 0-0 Rad8 23. Rxd8 Rxd8 24. Ng3 Be6 25. b3 Rd2 26. Ra1 b5 27. cxb5 axb5 28. Ne4 Rc2 29. Nd6 b4 30. f3 c4 31. bxc4 Bxc4 32. Nxc4 Rxc4 33. Kf2 g6 34. Re1 Rc2+ 35. Re2 Rc3 36. Rb2 Rc4 37. Ke2 Kh6 38. Kd2 f5 39. Rb3 Kg5 40. g3 f4 41. Kd3 Rc3+ 42. Rxc3 bxc3 43. Kxc3 fxg3 44. hxg3 Kf5 45. Kd3 g5 46. a4 Ke5 47. a5 1-0

[Event "Dortmund ABC Serie Anfaenger-21"]
[Site "Dortmund"]
[Date "2004.04.30"]
[Round "3"]
[White "Bindig, Uwe"]
[Black "Thiemig, Rolf"]
[Result "0-1"]
[WhiteElo "914"]
[BlackElo "1237"]
[PlyCount "56"]
[EventDate "2004.04.21"]
[EventType "tourn"]
[EventRounds "13"]
[EventCountry "GER"]
[SourceTitle "EXT 2006"]
[Source "ChessBase"]
[SourceDate "2005.11.24"]
[SourceVersion "1"]
[SourceVersionDate "2005.11.24"]
[SourceQuality "1"]

1. d4 d5 2. c4 e5 3. e3 exd4 4. Qxd4 Nf6 5. Nc3 c6 6. b3 Be7 7. Nf3 0-0 8. Be2 Bb4 9. Bb2 Nbd7 10. 0-0 Re8 11. a3 Bxc3 12. Bxc3 Re4 13. Qd3 Nc5 14. Qc2 Bg4 15. Bd3 Bxf3 16. Bxe4 Bxe4 17. Qd1 Bd3 18. Re1 Nfe4 19. Bd4 dxc4 20. b4 Ne6 21. Bb2 Qg5 22. f4 Qh4 23. Qd2 Nxd2 24. Bc3 Ne4 25. Be5 f6 26. Bb2 Rd8 27. h3 Qf2+ 28. Kh2 Qxb2 0-1

[Event "Dortmund-ch"]
[Site "Dortmund"]
[Date "2004.03.11"]
[Round "6"]
[White "Klein, Hans Joachim"]
[Black "Thiemig, Rolf"]
[Result "1-0"]
[WhiteElo "1637"]
[BlackElo "1278"]
[PlyCount "75"]
[EventDate "2004.03.01"]
[EventType "swiss"]
[EventRounds "9"]
[EventCountry "GER"]
[SourceTitle "EXT 2006"]
[Source "ChessBase"]
[SourceDate "2005.11.24"]
[SourceVersion "1"]
[SourceVersionDate "2005.11.24"]
[SourceQuality "1"]

1. d4 d5 2. Bf4 Nd7 3. Nf3 c6 4. e3 Ngf6 5. h3 h6 6. a3 g6 7. c4 Bg7 8. Nc3 Nb6 9. c5 Nbd7 10. Be2 0-0 11. 0-0 Nh7 12. b4 a6 13. a4 b6 14. Qc1 Bb7 15. Bh2 bxc5 16. bxc5 a5 17. Rb1 Ba6 18. Bxa6 Rxa6 19. Rb7 Qc8 20. Qb2 Nhf6 21. Rb1 Qa8 22. Ne5 Nxe5 23. Bxe5 Ne4 24. Rxe7 Ra7 25. Rxa7 Qxa7 26. Bb8 Qa6 27. Nxe4 dxe4 28. Bd6 Re8 29. Qc2 f5 30. Rb6 Qd3 31. Qa2+ Kh7 32. Rxc6 Rg8 33. Rc7 g5 34. Be5 f4 35. Qf7 fxe3 36. Qf5+ Kh8 37. Bxg7+ Rxg7 38. Qf8+ 1-0

[Event "Dortmund6"]
[Site "Dortmund"]
[Date "2003.10.29"]
[Round "6"]
[White "Krueger, Sven"]
[Black "Thiemig, Rolf"]
[Result "0-1"]
[WhiteElo "1204"]
[BlackElo "1270"]
[PlyCount "92"]
[EventDate "2003.10.01"]
[EventType "tourn"]
[EventRounds "13"]
[EventCountry "GER"]
[SourceTitle "EXT 2007"]
[Source "ChessBase"]
[SourceDate "2006.11.23"]
[SourceVersion "1"]
[SourceVersionDate "2006.11.23"]
[SourceQuality "1"]

1. Nf3 d6 2. e3 Nf6 3. c4 g6 4. Nc3 Bg7 5. Be2 0-0 6. 0-0 c6 7. d4 Bf5 8. Nd2 d5 9. Nf3 Nbd7 10. Ne1 Nb6 11. b3 Re8 12. f4 Qd7 13. Nf3 h6 14. Ne5 Qe6 15. Nd3 Ng4 16. Ne5 Nf6 17. g4 Be4 18. Nxe4 Nxe4 19. f5 gxf5 20. gxf5 Qf6 21. Qe1 Qg5+ 22. Kh1 dxc4 23. bxc4 Rad8 24. Bd3 Bxe5 25. Bxe4 Bg7 26. Bd3 Qf6 27. Bb2 Na4 28. Rb1 Nxb2 29. Rxb2 b6 30. Rg2 Kh7 31. Rfg1 Rg8 32. Rg3 Kh8 33. R1g2 c5 34. Qg1 cxd4 35. e4 Qe5 36. Rxg7 Rxg7 37. Qc1 Rxg2 38. Qxh6+ Kg8 39. Kxg2 Qg7+ 40. Qxg7+ Kxg7 41. Kf3 Rh8 42. Kg3 f6 43. h3 Rc8 44. h4 b5 45. e5 bxc4 46. exf6+ exf6 0-1

[Event "Dortmund1"]
[Site "Dortmund"]
[Date "2003.05.23"]
[Round "12"]
[White "Thiemig, Rolf"]
[Black "Benz, Friedrich"]
[Result "1-0"]
[WhiteElo "1259"]
[BlackElo "1030"]
[PlyCount "45"]
[EventDate "2003.03.26"]
[EventType "tourn"]
[EventRounds "13"]
[EventCountry "GER"]
[SourceTitle "EXT 2007"]
[Source "ChessBase"]
[SourceDate "2006.11.23"]
[SourceVersion "1"]
[SourceVersionDate "2006.11.23"]
[SourceQuality "1"]

1. b3 b6 2. Bb2 Bb7 3. f3 d6 4. e3 e5 5. Bd3 Nf6 6. Ne2 Nc6 7. Ng3 Nb4 8. Bb5+ c6 9. Be2 Ba6 10. a3 Bxe2 11. Qxe2 Nxc2+ 12. Kf2 Nd5 13. Ra2 Qg5 14. Qd3 Ncb4 15. axb4 Nxb4 16. Qc4 a5 17. Ra1 d5 18. Qc3 Bd6 19. Ba3 d4 20. exd4 Nd5 21. Qxc6+ Kf8 22. Bxd6+ Kg8 23. Qxa8+ 1-0

[Event "Dortmund1"]
[Site "Dortmund"]
[Date "2003.05.21"]
[Round "11"]
[White "Milonas, Georgios"]
[Black "Thiemig, Rolf"]
[Result "1/2-1/2"]
[WhiteElo "1183"]
[BlackElo "1259"]
[PlyCount "102"]
[EventDate "2003.03.26"]
[EventType "tourn"]
[EventRounds "13"]
[EventCountry "GER"]
[SourceTitle "EXT 2007"]
[Source "ChessBase"]
[SourceDate "2006.11.23"]
[SourceVersion "1"]
[SourceVersionDate "2006.11.23"]
[SourceQuality "1"]

1. e4 e5 2. Nf3 d6 3. c3 Nf6 4. Qc2 Be7 5. Na3 0-0 6. Bc4 Nc6 7. 0-0 Bg4 8. Be2 h6 9. h3 Bh5 10. Re1 a6 11. d4 Bxf3 12. Bxf3 exd4 13. e5 Nxe5 14. Bxb7 d3 15. Qa4 Ra7 16. Be4 Nxe4 17. Rxe4 Bf6 18. Be3 Ra8 19. Rd1 d5 20. Rf4 Qd6 21. Qb4 Qxb4 22. cxb4 Rab8 23. Bd4 Rxb4 24. Bxe5 Rxf4 25. Bxf4 Bxb2 26. Nb1 Re8 27. Be3 d4 28. Rxd3 dxe3 29. fxe3 c5 30. Nd2 f5 31. Kf2 g5 32. Rd5 f4 33. exf4 Bd4+ 34. Kf1 gxf4 35. Rd6 Be3 36. Nc4 Bd4 37. Rxh6 Kg7 38. Rxa6 Bc3 39. a4 Re1+ 40. Kf2 Rc1 41. Na5 Bd4+ 42. Kf3 Be3 43. Nb3 Rc2 44. Ra7+ Kg6 45. Ra6+ Kf5 46. g4+ Ke5 47. g5 Kf5 48. Rf6+ Kxg5 49. Rd6 Rf2+ 50. Ke4 Rb2 51. Rd5+ Kh4 1/2-1/2

[Event "Dortmund1"]
[Site "Dortmund"]
[Date "2003.05.16"]
[Round "10"]
[White "Thiemig, Rolf"]
[Black "Naffin, Egbert"]
[Result "1-0"]
[WhiteElo "1259"]
[BlackElo "1117"]
[PlyCount "39"]
[EventDate "2003.03.26"]
[EventType "tourn"]
[EventRounds "13"]
[EventCountry "GER"]
[SourceTitle "EXT 2007"]
[Source "ChessBase"]
[SourceDate "2006.11.23"]
[SourceVersion "1"]
[SourceVersionDate "2006.11.23"]
[SourceQuality "1"]

1. b3 e5 2. Bb2 d6 3. e3 Nf6 4. Nf3 Be7 5. Be2 Nc6 6. a3 0-0 7. 0-0 Nd5 8. c4 Nf6 9. d3 Bg4 10. h3 Bxf3 11. Bxf3 a5 12. Nd2 d5 13. cxd5 Nxd5 14. Bxd5 Qxd5 15. Nf3 f5 16. Qc2 e4 17. dxe4 fxe4 18. Nd4 Bf6 19. Nxc6 Bxb2 20. Ne7+ 1-0

[Event "Dortmund1"]
[Site "Dortmund"]
[Date "2003.04.04"]
[Round "3"]
[White "Banken, Gerd"]
[Black "Thiemig, Rolf"]
[Result "1-0"]
[WhiteElo "1239"]
[BlackElo "1259"]
[PlyCount "93"]
[EventDate "2003.03.26"]
[EventType "tourn"]
[EventRounds "13"]
[EventCountry "GER"]
[SourceTitle "EXT 2007"]
[Source "ChessBase"]
[SourceDate "2006.11.23"]
[SourceVersion "1"]
[SourceVersionDate "2006.11.23"]
[SourceQuality "1"]

1. e4 e5 2. Nf3 Nf6 3. Nc3 d6 4. Bc4 Be7 5. h3 0-0 6. d3 c6 7. a3 h6 8. Be3 Nbd7 9. Qd2 Nb6 10. Bb3 Nh7 11. h4 Bg4 12. 0-0-0 Be6 13. Bxe6 fxe6 14. g4 Rxf3 15. g5 Rxe3 16. fxe3 hxg5 17. hxg5 Bxg5 18. Rh3 Qf6 19. Rdh1 Bh6 20. Qg2 Bxe3+ 21. Rxe3 Qf4 22. Qf3 Qg5 23. Qh3 Qh6 24. Qxh6 gxh6 25. Rxh6 Rf8 26. b3 d5 27. exd5 exd5 28. Rxe5 Kg7 29. Rhe6 d4 30. Ne4 Rf1+ 31. Kb2 Nd5 32. Ng3 Rg1 33. Nf5+ Kf7 34. Nxd4 Nf8 35. Rf5+ Kg7 36. Re8 Nh7 37. c4 Rg2+ 38. Re2 Rxe2+ 39. Nxe2 Kg6 40. Re5 Nb6 41. Re7 Nf6 42. Rxb7 Nfd7 43. Rxa7 Nc5 44. Kc3 Kf6 45. Rc7 Ke6 46. Rxc6+ Kd7 47. Rxc5 1-0

[Event "Dortmund1"]
[Site "Dortmund"]
[Date "2003.03.26"]
[Round "1"]
[White "Thiemig, Rolf"]
[Black "Halac, Hakan"]
[Result "1-0"]
[WhiteElo "1259"]
[BlackElo "1249"]
[PlyCount "33"]
[EventDate "2003.03.26"]
[EventType "tourn"]
[EventRounds "13"]
[EventCountry "GER"]
[SourceTitle "EXT 2007"]
[Source "ChessBase"]
[SourceDate "2006.11.23"]
[SourceVersion "1"]
[SourceVersionDate "2006.11.23"]
[SourceQuality "1"]

1. b3 d5 2. e3 Nf6 3. Bb2 Bg4 4. Be2 Bxe2 5. Qxe2 e6 6. a3 Be7 7. Qb5+ Qd7 8. Qxb7 0-0 9. Qxa8 Nc6 10. Qb7 Rb8 11. Qa6 Ne4 12. Qe2 a5 13. Nh3 Bd6 14. 0-0 h6 15. d3 Nc5 16. Nc3 e5 17. Nxd5 1-0

[Event "Dortmund ABC Aufstreber 18th"]
[Site "Dortmund"]
[Date "2002.11.29"]
[Round "11"]
[White "Krueger, Inge"]
[Black "Thiemig, Rolf"]
[Result "1-0"]
[WhiteElo "1306"]
[BlackElo "1353"]
[PlyCount "79"]
[EventDate "2002.10.11"]
[EventType "tourn"]
[EventRounds "13"]
[EventCountry "GER"]
[SourceTitle "EXT 2004"]
[Source "ChessBase"]
[SourceDate "2003.11.25"]
[SourceVersion "1"]
[SourceVersionDate "2003.11.25"]
[SourceQuality "1"]

1. d4 d5 2. c4 e5 3. dxe5 d4 4. Nf3 Nc6 5. Bf4 Bb4+ 6. Nbd2 Be6 7. Rc1 Nge7 8. a3 Bxd2+ 9. Qxd2 0-0 10. g3 Qd7 11. Bg2 Bh3 12. 0-0 Bxg2 13. Kxg2 Ng6 14. Rfd1 Nxf4+ 15. Qxf4 f6 16. Qe4 fxe5 17. Nxe5 Nxe5 18. Qxe5 Rae8 19. Qxd4 Qxd4 20. Rxd4 Rxe2 21. b4 Rfxf2+ 22. Kh3 Rxh2+ 23. Kg4 h5+ 24. Kf5 Re3 25. Rg1 Rf2+ 26. Kg6 Rf6+ 27. Kxh5 Rxa3 28. Kg5 b6 29. Rd8+ Rf8 30. Rd7 c5 31. bxc5 bxc5 32. Rc7 Ra5 33. Rd1 Re8 34. Rd5 Re3 35. g4 a6 36. Kf4 Re8 37. Rdd7 Rf8+ 38. Kg5 Rf2 39. Rxg7+ Kf8 40. Kg6 1-0

[Event "Dortmund ABC Aufstreber 18th"]
[Site "Dortmund"]
[Date "2002.11.16"]
[Round "9"]
[White "Kreitz, Thomas"]
[Black "Thiemig, Rolf"]
[Result "1-0"]
[WhiteElo "1461"]
[BlackElo "1353"]
[PlyCount "39"]
[EventDate "2002.10.11"]
[EventType "tourn"]
[EventRounds "13"]
[EventCountry "GER"]
[SourceTitle "EXT 2004"]
[Source "ChessBase"]
[SourceDate "2003.11.25"]
[SourceVersion "1"]
[SourceVersionDate "2003.11.25"]
[SourceQuality "1"]

1. e4 e5 2. Nf3 Nc6 3. d4 Nxd4 4. Nxd4 exd4 5. Qxd4 d6 6. Nc3 Bd7 7. Bc4 c6 8. Bf4 Qf6 9. Qe3 h6 10. Rd1 Bg4 11. f3 Bd7 12. Qd2 0-0-0 13. 0-0 g5 14. Be3 Bg7 15. Bxa7 Be6 16. Be2 Ne7 17. Bb6 Rd7 18. Na4 Ng6 19. Qa5 Kb8 20. Qa7+ 1-0

[Event "Dortmund ABC Aufstreber 18th"]
[Site "Dortmund"]
[Date "2002.10.18"]
[Round "3"]
[White "Gerke, Dieter"]
[Black "Thiemig, Rolf"]
[Result "1-0"]
[WhiteElo "1500"]
[BlackElo "1353"]
[PlyCount "74"]
[EventDate "2002.10.11"]
[EventType "tourn"]
[EventRounds "13"]
[EventCountry "GER"]
[SourceTitle "EXT 2004"]
[Source "ChessBase"]
[SourceDate "2003.11.25"]
[SourceVersion "1"]
[SourceVersionDate "2003.11.25"]
[SourceQuality "1"]

1. Nf3 d6 2. e4 e5 3. d4 exd4 4. Nxd4 Be7 5. Bd3 Nf6 6. Nc3 c6 7. 0-0 0-0 8. Bd2 Nbd7 9. f4 Qc7 10. Kh1 Nc5 11. Rc1 Bg4 12. Qe1 Nxd3 13. cxd3 Qb6 14. Nb3 Qc7 15. d4 Rfe8 16. e5 Nd7 17. Qg3 Be6 18. d5 Bf5 19. Nd4 Bg6 20. f5 dxe5 21. fxg6 hxg6 22. Ne4 Qb6 23. dxc6 Qxd4 24. cxd7 Red8 25. Qf3 f5 26. Qb3+ Kf8 27. Ng5 Bxg5 28. Bxg5 Rxd7 29. Rfd1 Qxd1+ 30. Rxd1 Rxd1+ 31. Qxd1 Re8 32. Qd6+ Kg8 33. Qd7 Rf8 34. Be3 b6 35. Qxa7 Rf7 36. Qxb6 Kh7 37. Bc5 Rd7 1-0

[Event "Dortmund2"]
[Site "Dortmund"]
[Date "2002.05.31"]
[Round "11"]
[White "Thiemig, Rolf"]
[Black "Busse, Siegfried"]
[Result "1-0"]
[WhiteElo "1300"]
[BlackElo "1365"]
[PlyCount "109"]
[EventDate "2002.04.10"]
[EventType "tourn"]
[EventRounds "13"]
[EventCountry "GER"]
[SourceTitle "EXT 2007"]
[Source "ChessBase"]
[SourceDate "2006.11.23"]
[SourceVersion "1"]
[SourceVersionDate "2006.11.23"]
[SourceQuality "1"]

1. b3 e5 2. Bb2 Nc6 3. e3 d6 4. a3 Be7 5. Nf3 Nf6 6. Bb5 Bg4 7. d3 a6 8. Bxc6+ bxc6 9. Nbd2 0-0 10. 0-0 Qd7 11. h3 Bh5 12. Qe1 h6 13. Nh2 Rfe8 14. e4 Bd8 15. f4 Nh7 16. g4 exf4 17. gxh5 Qxh3 18. Rf3 Qxh5 19. Rxf4 Qc5+ 20. Qf2 Qxf2+ 21. Rxf2 Ng5 22. Rg2 Re6 23. Ndf3 Rg6 24. Nxg5 Bxg5 25. Bc1 Bf6 26. Rxg6 Bxa1 27. Rg2 Bd4+ 28. Kf1 d5 29. Bxh6 dxe4 30. dxe4 Re8 31. Bf4 Re7 32. Re2 f6 33. Nf3 Bc5 34. b4 Bd6 35. Bxd6 cxd6 36. c4 Kf7 37. Nd4 Rc7 38. Nf5 Rd7 39. Rd2 Ke6 40. Ke2 g6 41. Nd4+ Ke5 42. Nxc6+ Kxe4 43. Rd4+ Kf5 44. Kf3 g5 45. Rd5+ Ke6 46. Kg4 Rh7 47. Nd4+ Kd7 48. Kf5 Rh6 49. c5 g4 50. Rxd6+ Ke7 51. Kxg4 Rh1 52. Nf5+ Kf7 53. Rxa6 Rg1+ 54. Ng3 f5+ 55. Kf4 1-0

[Event "Dortmund2"]
[Site "Dortmund"]
[Date "2002.05.08"]
[Round "6"]
[White "Krueger, Sven"]
[Black "Thiemig, Rolf"]
[Result "0-1"]
[WhiteElo "1321"]
[BlackElo "1300"]
[PlyCount "46"]
[EventDate "2002.04.10"]
[EventType "tourn"]
[EventRounds "13"]
[EventCountry "GER"]
[SourceTitle "EXT 2007"]
[Source "ChessBase"]
[SourceDate "2006.11.23"]
[SourceVersion "1"]
[SourceVersionDate "2006.11.23"]
[SourceQuality "1"]

1. Nf3 Nf6 2. d4 d6 3. e3 e6 4. Bd3 Be7 5. Nbd2 0-0 6. c3 a6 7. Qc2 h6 8. 0-0 b5 9. Ne4 Nbd7 10. Nfd2 Bb7 11. Nb3 Nxe4 12. Bxe4 Bxe4 13. Qxe4 Nf6 14. Qf3 d5 15. Nd2 c5 16. b3 Qa5 17. Nb1 Ne4 18. Rd1 Qc7 19. dxc5 Bxc5 20. Ba3 Bxa3 21. Nxa3 Qxc3 22. Rac1 Qb2 23. h3 Qxa3 0-1

[Event "Dortmund1"]
[Site "Dortmund"]
[Date "2001.05.19"]
[Round "6"]
[White "Thiemig, Rolf"]
[Black "Winkler, Harald"]
[Result "1/2-1/2"]
[WhiteElo "1246"]
[BlackElo "1250"]
[PlyCount "176"]
[EventDate "2001.04.25"]
[EventType "tourn"]
[EventRounds "13"]
[EventCountry "GER"]
[SourceTitle "EXT 2007"]
[Source "ChessBase"]
[SourceDate "2006.11.23"]
[SourceVersion "1"]
[SourceVersionDate "2006.11.23"]
[SourceQuality "1"]

1. b3 d5 2. e3 c5 3. Bb2 Nc6 4. Nf3 a6 5. Be2 Bg4 6. 0-0 Qc7 7. d3 e5 8. h3 Bxf3 9. Bxf3 d4 10. exd4 cxd4 11. a3 Nf6 12. Nd2 Bc5 13. Qe2 0-0 14. b4 Ba7 15. Rfe1 Rfe8 16. Ne4 Nxe4 17. Bxe4 Rad8 18. Qg4 g6 19. Qh4 Qe7 20. Qxe7 Rxe7 21. Bc1 Ree8 22. Bg5 Rd6 23. f4 f6 24. fxe5 Nxe5 25. Bf4 b5 26. a4 Bb6 27. axb5 axb5 28. Ra8 Rxa8 29. Bxa8 Rd8 30. Bb7 Bc7 31. Bh2 Rd7 32. Ba6 Rd5 33. Bb7 Rd8 34. Ra1 Bd6 35. Bd5+ Kg7 36. Ra7+ Kh6 37. Bxe5 fxe5 38. Be4 Rb8 39. g4 Re8 40. Rb7 Bxb4 41. Rxb5 Bd2 42. Kg2 Bg5 43. Rc5 Re7 44. c3 dxc3 45. Rxc3 Re6 46. Rc5 Kg7 47. Bd5 Re7 48. Rc6 Bf6 49. Kg3 h5 50. h4 hxg4 51. Kxg4 Rd7 52. Be4 Rf7 53. h5 gxh5+ 54. Kxh5 Rd7 55. Kg4 Kf7 56. Kf5 Bg7 57. Kg5 Kf8 58. Kg6 Rd8 59. Kh7 Rb8 60. Rc7 Bf6 61. Kg6 Bh4 62. Rf7+ Ke8 63. Rf5 Bg3 64. Kg7 Rb6 65. Rf8+ Kd7 66. Bf5+ Kd6 67. Rf6+ Kc5 68. Rf7 Kd4 69. Rd7+ Ke3 70. Be4 Bf4 71. Kf7 Rh6 72. Bg6 Rh3 73. Bf5 Rh6 74. Rb7 Bg5 75. Bg6 Rh3 76. Kg8 Bf4 77. Rb4 Rf3 78. Re4+ Kf2 79. Rc4 Rg3 80. Kf7 Re3 81. Ke6 Rg3 82. Be4 Re3 83. Kd5 Re2 84. Rc8 Ke3 85. Re8 Kd2 86. Rxe5 Bxe5 87. Kxe5 Kc3 88. Kd5 Rd2 1/2-1/2

[Event "Dortmund1"]
[Site "Dortmund"]
[Date "2001.04.25"]
[Round "1"]
[White "Thiemig, Rolf"]
[Black "Juergens, Ulrich"]
[Result "1-0"]
[WhiteElo "1246"]
[BlackElo "1149"]
[PlyCount "95"]
[EventDate "2001.04.25"]
[EventType "tourn"]
[EventRounds "13"]
[EventCountry "GER"]
[SourceTitle "EXT 2007"]
[Source "ChessBase"]
[SourceDate "2006.11.23"]
[SourceVersion "1"]
[SourceVersionDate "2006.11.23"]
[SourceQuality "1"]

1. b3 Nf6 2. Bb2 d5 3. e3 a6 4. Nf3 Nc6 5. a3 e6 6. Be2 g6 7. 0-0 Bg7 8. Qc1 0-0 9. d3 Qd6 10. Nbd2 Re8 11. c4 b6 12. b4 dxc4 13. Nxc4 Qd7 14. Nce5 Nxe5 15. Nxe5 Qd6 16. Bf3 Nd5 17. Nc4 Qd7 18. Bxg7 Kxg7 19. Qb2+ Kg8 20. Ne5 Qd6 21. Rac1 Ra7 22. Rc2 Bd7 23. Rfc1 Rc8 24. Ng4 e5 25. Nxe5 Ba4 26. Rd2 Re8 27. Ng4 f6 28. Bxd5+ Kg7 29. Bb3 Bd7 30. Bd1 Rf8 31. e4 Qf4 32. Ne3 c6 33. Qd4 Rb7 34. g3 Qg5 35. f4 Qh6 36. Nc4 b5 37. Na5 Rc7 38. Qd6 Ra7 39. Nxc6 Bxc6 40. Rxc6 Rff7 41. Bb3 Rf8 42. Rc7+ Rxc7 43. Qxc7+ Kh8 44. e5 Re8 45. Qf7 Rc8 46. Qxf6+ Qg7 47. Qxg7+ Kxg7 48. Rc2 1-0